ბათუმის შოთა რუსთაველის სახელმწიფო უნივერსიტეტის ბიბლიოთეკა

თვალები და გზები (ბიბ.ჩანაწერი № 49129)

000 -LEADER
fixed length control field 00908nam a2200229Ia 4500
001 - CONTROL NUMBER
control field 16039
003 - CONTROL NUMBER IDENTIFIER
control field GE_BSU
008 - FIXED-LENGTH DATA ELEMENTS--GENERAL INFORMATION
fixed length control field 181216s||||||||xx |||||||||||||| ||und||
040 ## - CATALOGING SOURCE
Transcribing agency GE_BSU
080 ## - UNIVERSAL DECIMAL CLASSIFICATION NUMBER
Universal Decimal Classification number 821.353.1-1
100 ## - MAIN ENTRY--PERSONAL NAME
Personal name ჯაყელი, ჯემალ
245 ## - TITLE STATEMENT
Title თვალები და გზები
245 ## - TITLE STATEMENT
Remainder of title ლექსები
245 ## - TITLE STATEMENT
Statement of responsibility, etc. რედ. გ. მოისწრაფიშვილი.მხ.ნ.მაისურაძე
260 ## - PUBLICATION, DISTRIBUTION, ETC.
Place of publication, distribution, etc. თბილისი
260 ## - PUBLICATION, DISTRIBUTION, ETC.
Name of publisher, distributor, etc. საბჭ. აჭარა
260 ## - PUBLICATION, DISTRIBUTION, ETC.
Date of publication, distribution, etc. 1969
300 ## - PHYSICAL DESCRIPTION
Extent 135გვ. ; 17სმ
653 ## - INDEX TERM--UNCONTROLLED
Uncontrolled term თვალები და გზები
653 ## - INDEX TERM--UNCONTROLLED
Uncontrolled term მიწის საუნჯე; მოგიტან მარილს; მიმალავ ცრემლებს და მიმაცილებ; ჩრდილოეთის ციალი
942 ## - ADDED ENTRY ELEMENTS (KOHA)
Koha item type წიგნი
ეგზემპლარები
Withdrawn status Lost status Damaged status Not for loan Date acquired Barcode Date last seen Price effective from Koha item type
        2018-12-17 39695 2018-12-17 2018-12-17 წიგნი
        2018-12-17 39696 2018-12-17 2018-12-17 წიგნი
        2018-12-17 39697 2018-12-17 2018-12-17 წიგნი